|
|
|
|
| LEADER |
00000nab a2200000ua 4500 |
| 001 |
vtls010796583 |
| 003 |
SK-MaSNL |
| 005 |
20260303182507.0 |
| 008 |
230222s2011 xo |||||||||||||||||eng| |
| 035 |
|
|
|a (urnnbn)urn:nbn:sk:snk:ar-a02b65
|
| 035 |
|
|
|a (uuid)ee7c01e0-57c4-4699-a635-e838241de643
|
| 035 |
|
|
|a urn:nbn:sk:snk-ab4jn1
|
| 040 |
|
|
|a SNKBUCL
|b slo
|c SNKBUCL
|e AACR2
|
| 041 |
0 |
|
|a eng
|
| 044 |
|
|
|a xo
|c SK
|
| 100 |
1 |
|
|a Han, C. G.
|4 aut
|9 1210374
|
| 245 |
1 |
0 |
|a Studies on interaction of cucurbit aphid-borne yellow virus proteins using yeast two-hybrid system and bimolecular fluorescence complementation
|c C. G. Han, D. W. Li, H. Y. Xiang, J. L. Yu, X. H. Chen, Y. J. Zhang, Y. Q. Cheng, Z. Wang
|
| 700 |
1 |
|
|a Li, D. W.
|4 aut
|9 1210375
|
| 700 |
1 |
|
|a Xiang, H. Y.
|4 aut
|9 1210376
|
| 700 |
1 |
|
|a Yu, J. L.
|4 aut
|9 1210377
|
| 700 |
1 |
|
|a Chen, X. H.
|4 aut
|9 1210378
|
| 700 |
1 |
|
|a Zhang, Y. J.
|4 aut
|9 1210379
|
| 700 |
1 |
|
|a Cheng, Y. Q.
|4 aut
|9 1210380
|
| 700 |
1 |
|
|a Wang, Z.
|4 aut
|9 987245
|
| 773 |
0 |
|
|t Acta virologica : international journal
|g Roč. 55, č. 3 (2011), s. 235-241
|
| 958 |
|
|
|a OND
|
| 958 |
|
|
|a EUIPO
|
| 958 |
|
|
|a article3
|
| 999 |
|
|
|c 2117211
|d 2119141
|